Science Quiz

Random Science or Blitz Quiz

Fibonacci Blitz Quiz Stats

 Plays Quiz not verified by Sporcle

Challenge
Share
Tweet
Embed
Score 0/21 Timer 00:30
0 Plays Today
% Correct
1
95.4%
1
90%
3
90%
2
89.2%
0
87.7%
8
86.9%
5
86.2%
13
85.4%
21
84.6%
34
83.1%
55
76.2%
% Correct
89
70%
233
36.9%
144
36.2%
377
31.5%
610
21.5%
987
13.8%
1597
12.3%
2584
6.2%
6765
4.6%
4181
3.1%

You're not logged in!

Compare scores with friends on all Sporcle quizzes.
OR
Log In

You Might Also Like...

Show Comments

Extras

Top Quizzes Today


Score Distribution

Your Account Isn't Verified!

In order to create a playlist on Sporcle, you need to verify the email address you used during registration. Go to your Sporcle Settings to finish the process.

Report this User

Report this user for behavior that violates our Community Guidelines.

Details: